Guess the Country by Clues - Statistics

General Stats
  • This quiz has been taken 37 times
  • The average score is 6 of 6
Answer Stats
Hint Answer % Correct
I make pizza! Italy
100%
I am known for tacos. Mexico
100%
I am the most visited country. France
97%
I am the most populated country. India
97%
I use miles. United States
97%
I have the tallest building in the world. United Arab Emirates
91%
No matching quizzes found
Score Distribution
Percent of People with Each Score
Percentile by Number Answered
Your Score History
You have not taken this quiz